书目信息 |
| 题名: |
计算机在化学化工中的应用
|
|
| 作者: | 李谦定 , 毛立群 , 房晓敏 主编 | |
| 分册: | ||
| 出版信息: | 北京 化学工业出版社 2014.7 |
|
| 页数: | 245页 | |
| 开本: | 26cm | |
| 丛书名: | ||
| 单 册: | ||
| 中图分类: | O6-39 , TQ015.9 | |
| 科图分类: | ||
| 主题词: | 计算机应用--化学--高等学校--教材 , 计算机应用--化学工业--高等学校--教材 , 计算机应用 , 化学 , 化学工业 | |
| 电子资源: | ||
| ISBN: | 978-7-122-20681-7 | |
| 000 | 01418nam0 2200337 450 | |
| 001 | 0400004400 | |
| 005 | 20171026094733.96 | |
| 010 | @a978-7-122-20681-7@dCNY32.00 | |
| 100 | @a20140909e20172014em y0chiy50 ea | |
| 101 | 0 | @achi |
| 102 | @aCN@b110000 | |
| 105 | @ay z 000yy | |
| 106 | @ar | |
| 200 | 1 | @a计算机在化学化工中的应用@9ji suan ji zai hua xue hua gong zhong de ying yong@f李谦,毛立群,房晓敏主编 |
| 205 | @a第2版 | |
| 210 | @a北京@c化学工业出版社@d2014.7@h2017.7 | |
| 215 | @a245页@d26cm | |
| 300 | @a高等学校“十二五”规划教材 | |
| 330 | @a本书主要介绍应用计算机解决化学、化工领域一些常见问题的基本理论、方法、软件和应用。全书分为文献检索与管理、试验设计与数据处理、化学化工图形与图像处理、化学化工计算、论文撰写与演示五个相对独立的部分。具体内容包括:计算机文献检索,计算机文献管理,正交试验设计,化学编辑排版,实验数据的图形化处理,使用Visio 2010绘制化学化工图形,Matlab与化学化工计算,Excel与化工最优化问题,化工过程模拟,计算机在科技论文撰写及演讲中的应用。 | |
| 606 | 0 | @a计算机应用@x化学@x高等学校@j教材 |
| 606 | 0 | @a计算机应用@x化学工业@x高等学校@j教材 |
| 606 | 0 | @a计算机应用 |
| 606 | 0 | @a化学 |
| 606 | 0 | @a化学工业 |
| 690 | @aO6-39@v5 | |
| 690 | @aTQ015.9@v5 | |
| 701 | 0 | @a李谦定@9li qian ding@f(1959~)@4主编 |
| 701 | 0 | @a毛立群@9mao li qun@4主编 |
| 701 | 0 | @a房晓敏@9fang xiao min@4主编 |
| 801 | 0 | @aCN@b91MARC@c20171023 |
| 905 | @b1034661-5@dO6-39@f5@e814=2 | |
| 计算机在化学化工中的应用/李谦,毛立群,房晓敏主编.-第2版.-北京:化学工业出版社,2014.7(2017.7) |
| 245页;26cm |
| 高等学校“十二五”规划教材 |
| ISBN 978-7-122-20681-7:CNY32.00 |
| 本书主要介绍应用计算机解决化学、化工领域一些常见问题的基本理论、方法、软件和应用。全书分为文献检索与管理、试验设计与数据处理、化学化工图形与图像处理、化学化工计算、论文撰写与演示五个相对独立的部分。具体内容包括:计算机文献检索,计算机文献管理,正交试验设计,化学编辑排版,实验数据的图形化处理,使用Visio 2010绘制化学化工图形,Matlab与化学化工计算,Excel与化工最优化问题,化工过程模拟,计算机在科技论文撰写及演讲中的应用。 |
| ● |
| 相关链接 |
|
|
|
|
正题名:计算机在化学化工中的应用
索取号:O6-39/814=2
 
预约/预借
| 序号 | 登录号 | 条形码 | 馆藏地/架位号 | 状态 | 备注 |
| 1 | 1034661 | 210346614 | 第二样本阅览室/ [索取号:O6-39/814=2] | 在馆 | |
| 2 | 1034662 | 210346623 | 密集书库-化学系/ [索取号:O6-39/814=2] | 在馆 | |
| 3 | 1034663 | 210346632 | 第三借阅区/ [索取号:O6-39/814=2] | 在馆 | |
| 4 | 1034664 | 210346641 | 第三借阅区/ [索取号:O6-39/814=2] | 在馆 | |
| 5 | 1034665 | 210346650 | 第三借阅区/ [索取号:O6-39/814=2] | 在馆 |